[Event "HUN-chT2 Barcza 1819"]
[Site "Hungary"]
[Date "2019.03.31"]
[Round "10.4"]
[White "Gaal, Attila"]
[Black "Szava, Miklos"]
[Result "0-1"]
[WhiteElo "2085"]
[BlackElo "1977"]
[PlyCount "74"]
[EventDate "2018.09.23"]
[EventType "team-tourn"]
[EventRounds "11"]
[EventCountry "HUN"]
[SourceTitle "EXT 2021"]
[Source "ChessBase"]
[SourceDate "2020.10.23"]
[SourceVersion "1"]
[SourceVersionDate "2020.10.23"]
[SourceQuality "1"]
[WhiteTeam "Nyiregyhaza"]
[BlackTeam "Debrecen Sakkbaratok"]
[WhiteTeamCountry "HUN"]
[BlackTeamCountry "HUN"]

1. e4 c5 2. Nc3 Nc6 3. g3 g6 4. d3 Bg7 5. Be3 d6 6. Qd2 Rb8 7. Bg2 b5 8. Nge2 h5 9. h3 b4 10. Nd1 Bd7 11. 0-0 a5 12. f4 Nd4 13. Rb1 f5 14. Nf2 h4 15. exf5 Nxe2+ 16. Qxe2 hxg3 17. Ne4 Bxf5 18. Nxg3 Nh6 19. Bc6+ Kf7 20. Be4 Qd7 21. Rf2 Bxe4 22. dxe4 Qxh3 23. Rf3 Ng4 24. e5 Nh2 25. Rbf1 Nxf1 26. Nxf1 Qh1+ 27. Kf2 Qh4+ 28. Rg3 dxe5 29. Qf3 e6 30. Bxc5 Kg8 31. Bd6 exf4 32. Bxb8 fxg3+ 33. Bxg3 Qd4+ 34. Ne3 Kh7 35. Kg2 Rf8 36. Qe2 Qe4+ 37. Kg1 Bd4 0-1

[Event "HUN-chT2 Barcza 1718"]
[Site "Hungary"]
[Date "2018.05.06"]
[Round "11.7"]
[White "Szava, Miklos"]
[Black "Daroczy, Sandor"]
[Result "0-1"]
[WhiteElo "2064"]
[BlackElo "1860"]
[PlyCount "111"]
[EventDate "2017.09.24"]
[EventType "team-tourn"]
[EventRounds "11"]
[EventCountry "HUN"]
[SourceTitle "EXT 2021"]
[Source "ChessBase"]
[SourceDate "2020.10.23"]
[SourceVersion "1"]
[SourceVersionDate "2020.10.23"]
[SourceQuality "1"]
[WhiteTeam "Debrecen Sakkbaratok"]
[BlackTeam "Bajnok Sakkiskola"]
[WhiteTeamCountry "HUN"]
[BlackTeamCountry "HUN"]

1. d4 e6 2. Nf3 d5 3. Bf4 Nf6 4. h3 Bd6 5. Ne5 c5 6. e3 0-0 7. g4 cxd4 8. exd4 Qb6 9. b3 Nfd7 10. Nxd7 Bxd7 11. Be3 Qc7 12. Bg2 Bb5 13. c3 Bf4 14. Bxf4 Qxf4 15. Qd2 Qxd2+ 16. Kxd2 Nd7 17. a4 Bc6 18. f4 Rfe8 19. b4 Nb6 20. b5 Nc4+ 21. Kd3 Bd7 22. Nd2 Rec8 23. Rhb1 Rc7 24. Nxc4 Rxc4 25. Bf1 Rac8 26. Ra3 b6 27. Kd2 R4c7 28. Rbb3 f6 29. a5 g5 30. axb6 axb6 31. fxg5 fxg5 32. Rb1 Rf8 33. Ke3 Be8 34. Bd3 Rcf7 35. Be2 Rf4 36. Ra8 Kg7 37. Ra7+ Kg8 38. Bd3 Rf3+ 39. Kd2 Rxd3+ 40. Kxd3 Bg6+ 41. Ke3 Bxb1 42. Rb7 Be4 43. Rxb6 Rf3+ 44. Kd2 Rd3+ 45. Kc2 Rxh3+ 46. Kb2 Bd3 47. Rb8+ Kf7 48. b6 Rh1 49. Ka3 Rb1 50. Ka4 Ke7 51. Ka5 Kd7 52. Rg8 Kc6 53. Rc8+ Kb7 54. Rc7+ Kb8 55. Re7 Rb5+ 56. Ka6 0-1

[Event "HUN-chT2 Barcza 1718"]
[Site "Hungary"]
[Date "2018.02.18"]
[Round "8.7"]
[White "Toth, Janos"]
[Black "Szava, Miklos"]
[Result "0-1"]
[WhiteElo "2103"]
[BlackElo "2080"]
[PlyCount "80"]
[EventDate "2017.09.24"]
[EventType "team-tourn"]
[EventRounds "11"]
[EventCountry "HUN"]
[SourceTitle "EXT 2021"]
[Source "ChessBase"]
[SourceDate "2020.10.23"]
[SourceVersion "1"]
[SourceVersionDate "2020.10.23"]
[SourceQuality "1"]
[WhiteTeam "Hajduboszormeny"]
[BlackTeam "Debrecen Sakkbaratok"]
[WhiteTeamCountry "HUN"]
[BlackTeamCountry "HUN"]

1. d4 Nf6 2. Nf3 g6 3. Bg5 Bg7 4. c3 d5 5. Nbd2 0-0 6. e3 Nbd7 7. Bd3 c5 8. 0-0 Re8 9. h3 e5 10. dxe5 Nxe5 11. Nxe5 Rxe5 12. Nf3 Re8 13. Bb5 Re6 14. Bc4 Rd6 15. Bf4 Rb6 16. Bb3 Be6 17. Rb1 Ne4 18. Qe2 Qe7 19. Rfd1 c4 20. Bc2 Rxb2 21. Rxb2 Nxc3 22. Qd2 Nxd1 23. Rb1 Nc3 24. Rf1 Nb5 25. a4 Na3 26. Nd4 Rc8 27. Qc3 b5 28. axb5 Nxb5 29. Qd2 c3 30. Qd1 a6 31. g4 h5 32. gxh5 Bxh3 33. hxg6 Nxd4 34. exd4 Bxf1 35. Qh5 Bc4 36. Qh7+ Kf8 37. Bh6 Qe1+ 38. Kg2 Qf1+ 39. Kh2 Qxf2+ 40. Kh1 Qh4+ 0-1

[Event "HUN-chT2 Barcza 1718"]
[Site "Hungary"]
[Date "2018.01.28"]
[Round "7.8"]
[White "Fekete, Sandor"]
[Black "Szava, Miklos"]
[Result "0-1"]
[WhiteElo "1719"]
[BlackElo "2070"]
[PlyCount "104"]
[EventDate "2017.09.24"]
[EventType "team-tourn"]
[EventRounds "11"]
[EventCountry "HUN"]
[SourceTitle "EXT 2021"]
[Source "ChessBase"]
[SourceDate "2020.10.23"]
[SourceVersion "1"]
[SourceVersionDate "2020.10.23"]
[SourceQuality "1"]
[WhiteTeam "Kazincbarcika"]
[BlackTeam "Debrecen Sakkbaratok"]
[WhiteTeamCountry "HUN"]
[BlackTeamCountry "HUN"]

1. d4 Nf6 2. Nf3 g6 3. g3 Bg7 4. Bg2 0-0 5. 0-0 d5 6. c3 c5 7. Bf4 h6 8. Be5 c4 9. Nbd2 Nc6 10. e3 b5 11. Bxf6 exf6 12. e4 Be6 13. exd5 Bxd5 14. Nh4 Ne7 15. Re1 Bxg2 16. Nxg2 f5 17. Nf3 g5 18. h3 Qd6 19. Qc2 Rae8 20. Re2 Qd5 21. Nh2 Qd7 22. Rae1 Kh8 23. Nf1 Bf6 24. Kh2 Rc8 25. Qc1 Ng6 26. h4 f4 27. gxf4 gxh4 28. Nfe3 h3 29. f5 hxg2 30. fxg6 fxg6 31. Nxg2 g5 32. Qe3 Bg7 33. Kg1 a5 34. Qe6 Qb7 35. Qe4 Qc7 36. Ne3 Rf4 37. Qg2 Qd7 38. f3 Rcf8 39. Rf1 Qf7 40. Ref2 b4 41. Nc2 Qg6 42. Rd2 g4 43. Ne1 g3 44. Nc2 Rh4 45. Qe2 Qh5 46. Qg2 Rh2 47. Qxg3 Rxd2 48. Ne3 Rxb2 49. Nxc4 bxc3 50. Ne5 Bxe5 51. Qxe5+ Qxe5 52. dxe5 c2 0-1

[Event "Puspokladany Arnoth Memorial 10th"]
[Site "Puspokladany"]
[Date "2017.07.30"]
[Round "8"]
[White "Szava, Miklos"]
[Black "Leszko, Bence"]
[Result "0-1"]
[WhiteElo "2113"]
[BlackElo "2033"]
[PlyCount "104"]
[EventDate "2017.07.26"]
[EventType "swiss"]
[EventRounds "9"]
[EventCountry "HUN"]
[SourceTitle "EXT 2019"]
[Source "ChessBase"]
[SourceDate "2018.10.10"]
[SourceVersion "1"]
[SourceVersionDate "2018.10.10"]
[SourceQuality "1"]

1. e4 c5 2. Nc3 e6 3. g3 b6 4. Bg2 Bb7 5. d3 g6 6. Be3 Bg7 7. Qd2 d5 8. exd5 exd5 9. Bf4 a6 10. 0-0-0 Ne7 11. Bh6 0-0 12. Bxg7 Kxg7 13. h4 Ng8 14. h5 h6 15. hxg6 fxg6 16. f4 b5 17. d4 c4 18. a3 Bc6 19. Nf3 a5 20. Ne5 b4 21. Nb1 c3 22. Qd3 cxb2+ 23. Kxb2 bxa3+ 24. Nxa3 Qd6 25. Rb1 Na6 26. c3 Rfb8+ 27. Ka2 Nb4+ 28. cxb4 axb4 29. Nxc6 Qxc6 30. Rb3 Rxa3+ 31. Rxa3 bxa3 32. Rb1 Rc8 33. Bf3 Ne7 34. g4 Qc4+ 35. Qxc4 Rxc4 36. Rd1 Rc2+ 37. Ka1 Rf2 38. Rd3 a2 39. f5 gxf5 40. gxf5 Kf6 41. Bd1 Nc6 42. Ba4 Rf1+ 43. Rd1 Rxd1+ 44. Bxd1 Nxd4 45. Kxa2 Kxf5 46. Kb2 Ke4 47. Kc3 Ke3 48. Bh5 Ne2+ 49. Kc2 d4 50. Bg6 Nf4 51. Bf5 d3+ 52. Kd1 d2 0-1

[Event "Puspokladany Arnoth Memorial 10th"]
[Site "Puspokladany"]
[Date "2017.07.29"]
[Round "6"]
[White "Szava, Miklos"]
[Black "Keseru, Tibor"]
[Result "1/2-1/2"]
[WhiteElo "2113"]
[BlackElo "1854"]
[PlyCount "64"]
[EventDate "2017.07.26"]
[EventType "swiss"]
[EventRounds "9"]
[EventCountry "HUN"]
[SourceTitle "EXT 2019"]
[Source "ChessBase"]
[SourceDate "2018.10.10"]
[SourceVersion "1"]
[SourceVersionDate "2018.10.10"]
[SourceQuality "1"]

1. e4 d6 2. d4 e5 3. Nf3 Nc6 4. Bb5 Bd7 5. 0-0 Nf6 6. Nc3 Be7 7. Re1 exd4 8. Nxd4 Nxd4 9. Bxd7+ Qxd7 10. Qxd4 0-0 11. Bg5 Qg4 12. Qe3 h6 13. Bf4 Nh5 14. Nd5 Nxf4 15. Nxe7+ Kh8 16. g3 Rfe8 17. Nf5 Ne6 18. f3 Qg5 19. Qc3 h5 20. Rad1 Qg6 21. Rd5 f6 22. Kh1 Qf7 23. Rg1 g6 24. Ne3 Kh7 25. h4 Nc5 26. Rf1 Re5 27. b4 Qe6 28. bxc5 Qh3+ 29. Kg1 Qxg3+ 30. Ng2 Rxe4 31. Qxf6 Re2 32. Qf7+ Kh8 1/2-1/2

[Event "Puspokladany Arnoth Memorial 10th"]
[Site "Puspokladany"]
[Date "2017.07.26"]
[Round "1"]
[White "Magi, Tibor"]
[Black "Szava, Miklos"]
[Result "0-1"]
[WhiteElo "1883"]
[BlackElo "2113"]
[PlyCount "158"]
[EventDate "2017.07.26"]
[EventType "swiss"]
[EventRounds "9"]
[EventCountry "HUN"]
[SourceTitle "EXT 2019"]
[Source "ChessBase"]
[SourceDate "2018.10.10"]
[SourceVersion "1"]
[SourceVersionDate "2018.10.10"]
[SourceQuality "1"]

1. d4 Nf6 2. Nf3 g6 3. Nc3 d5 4. Bf4 Bg7 5. e3 c5 6. Bb5+ Bd7 7. Qe2 0-0 8. 0-0 a6 9. Bxd7 Nbxd7 10. Qd3 c4 11. Qd2 b5 12. a3 Ne4 13. Qe1 Nb6 14. h3 f6 15. Nxe4 dxe4 16. Nd2 Qd5 17. c3 g5 18. Bg3 f5 19. Bh2 Nd7 20. Qe2 Nf6 21. Be5 Rad8 22. Rad1 Nd7 23. Bc7 Rc8 24. Ba5 e5 25. f3 exf3 26. Nxf3 e4 27. Nd2 Rc6 28. Rf2 Rg6 29. Rdf1 Rf7 30. Bc7 h6 31. g4 Rgf6 32. gxf5 Rxf5 33. Rxf5 Rxf5 34. Rxf5 Qxf5 35. Qg4 Qxg4+ 36. hxg4 Nf6 37. a4 Nxg4 38. axb5 axb5 39. Nxe4 Bf8 40. d5 Kf7 41. d6 Ke6 42. Nc5+ Kd5 43. Nb7 Kc6 44. Nd8+ Kd7 45. Nf7 Bg7 46. Bb6 Ne5 47. Bd4 Nf3+ 48. Kf2 Nxd4 49. exd4 Bf8 50. Kf3 Bxd6 51. Nxh6 Bf4 52. Ke2 Bc1 53. Ng4 Bxb2 54. Kd2 b4 55. Ne5+ Ke6 56. cxb4 Kd5 57. Kc2 Bxd4 58. Nf3 g4 59. Nh4 Ke4 60. Kd2 g3 61. Ke2 c3 62. Ng2 Bf2 63. b5 Bb6 64. Ne1 Be3 65. Kd1 Bf2 66. Ng2 Kd3 67. Nf4+ Kc4 68. Kc2 Bd4 69. Ng2 Kxb5 70. Kd3 Kc5 71. Nf4 Be5 72. Ng2 Kd5 73. Ne3+ Ke6 74. Ke2 Bf4 75. Ng2 Kf5 76. Kd3 Be5 77. Ke2 Kg4 78. Ne3+ Kh3 79. Nc2 g2 0-1

[Event "HUN-chT2 Barcza 1617"]
[Site "Hungary"]
[Date "2016.09.25"]
[Round "1.4"]
[White "Molnar, Balazs"]
[Black "Szava, Miklos"]
[Result "1/2-1/2"]
[WhiteElo "2157"]
[BlackElo "2103"]
[PlyCount "47"]
[EventDate "2016.09.25"]
[EventType "team-tourn"]
[EventRounds "11"]
[EventCountry "HUN"]
[SourceTitle "EXT 2021"]
[Source "ChessBase"]
[SourceDate "2020.10.23"]
[SourceVersion "1"]
[SourceVersionDate "2020.10.23"]
[SourceQuality "1"]
[WhiteTeam "Hajduboszormeny"]
[BlackTeam "Debrecen Sakkbaratok"]
[WhiteTeamCountry "HUN"]
[BlackTeamCountry "HUN"]

1. Nf3 d5 2. b3 Nf6 3. Bb2 g6 4. e3 Bg7 5. c4 0-0 6. Be2 c5 7. 0-0 Nc6 8. d3 d4 9. exd4 cxd4 10. b4 Nh5 11. b5 Nb8 12. Nbd2 e5 13. Re1 Nf4 14. Bf1 Re8 15. Nb3 Nd7 16. a4 Rb8 17. Ba3 Nf8 18. Qd2 Nh5 19. g3 b6 20. c5 Be6 21. Qb4 Qd5 22. Nbd2 bxc5 23. Qxc5 Nd7 24. Qxd5 1/2-1/2

[Event "HUN-chT2 Barcza 1516"]
[Site "Hungary"]
[Date "2015.11.29"]
[Round "5.4"]
[White "Szava, Miklos"]
[Black "Szarvas, Peter"]
[Result "1/2-1/2"]
[WhiteElo "2094"]
[BlackElo "2173"]
[PlyCount "33"]
[EventDate "2015.09.13"]
[EventType "team-tourn"]
[EventRounds "11"]
[EventCountry "HUN"]
[SourceTitle "CBM 170 Extra"]
[Source "ChessBase"]
[SourceDate "2016.02.25"]
[SourceVersion "1"]
[SourceVersionDate "2016.02.25"]
[SourceQuality "1"]
[WhiteTeam "Debrecen Sakkbaratok"]
[BlackTeam "Hajduszoboszlo"]
[WhiteTeamCountry "HUN"]
[BlackTeamCountry "HUN"]

1. e4 c6 2. d4 d5 3. exd5 cxd5 4. c4 Nf6 5. Nc3 e6 6. c5 Nc6 7. Nf3 Ne4 8. Qc2 Qa5 9. Be2 Be7 10. 0-0 Nxc3 11. bxc3 b6 12. Bd2 bxc5 13. c4 Qc7 14. cxd5 exd5 15. dxc5 0-0 16. Bd3 g6 17. Rac1 1/2-1/2

[Event "HUN-chT2 Barcza 1415"]
[Site "Hungary"]
[Date "2014.10.12"]
[Round "?"]
[White "Lengyel, Laszlo"]
[Black "Szava, Miklos"]
[Result "0-1"]
[WhiteElo "1949"]
[BlackElo "2131"]
[PlyCount "68"]
[EventDate "2014.09.07"]
[EventType "team-tourn"]
[EventRounds "11"]
[EventCountry "HUN"]
[SourceTitle "EXT 2016"]
[Source "ChessBase"]
[SourceDate "2015.10.08"]
[SourceVersion "1"]
[SourceVersionDate "2015.10.08"]
[SourceQuality "1"]
[WhiteTeam "Tiszavasvar"]
[BlackTeam "Debrecen Sakkbaratok"]
[WhiteTeamCountry "HUN"]
[BlackTeamCountry "HUN"]

1. d4 c5 2. d5 e5 3. e4 d6 4. c4 f5 5. Nc3 Nf6 6. Bd3 f4 7. g3 fxg3 8. hxg3 Bg4 9. f3 Bd7 10. Qb3 Na6 11. a3 Rb8 12. Bd2 Nc7 13. Nge2 a6 14. Qb6 Qc8 15. g4 Na8 16. Qb3 b5 17. cxb5 Nb6 18. Bc4 Nxc4 19. Qxc4 axb5 20. Qd3 b4 21. axb4 cxb4 22. Nd1 Bb5 23. Qb3 Be7 24. Ne3 g6 25. Kf2 0-0 26. Ra7 Nxe4+ 27. Ke1 Nxd2 28. Rxe7 Nxf3+ 29. Kd1 Bxe2+ 30. Kxe2 Nd4+ 31. Kd3 Nxb3 32. Rhxh7 Nc1+ 33. Kd2 Rf2+ 34. Kd1 Qf8 0-1

[Event "HUN-chT2 Maroczy 1314"]
[Site "Hungary"]
[Date "2014.02.16"]
[Round "7"]
[White "Morvay, Miklos"]
[Black "Szava, Miklos"]
[Result "0-1"]
[WhiteElo "2184"]
[BlackElo "2122"]
[PlyCount "90"]
[EventDate "2013.09.08"]
[EventType "team-tourn"]
[EventRounds "11"]
[EventCountry "HUN"]
[SourceTitle "EXT 2016"]
[Source "ChessBase"]
[SourceDate "2015.10.08"]
[SourceVersion "1"]
[SourceVersionDate "2015.10.08"]
[SourceQuality "1"]
[WhiteTeam "Budapest Kobanya"]
[BlackTeam "Debrecen SBK"]
[WhiteTeamCountry "HUN"]
[BlackTeamCountry "HUN"]

1. e4 c5 2. d4 cxd4 3. c3 dxc3 4. Nxc3 Nc6 5. Nf3 e6 6. Bc4 Qc7 7. 0-0 Nf6 8. Nb5 Qb8 9. e5 Ng4 10. Bf4 a6 11. Nd6+ Bxd6 12. exd6 0-0 13. Rc1 b5 14. Bd3 f5 15. Rxc6 dxc6 16. Ne5 Qxd6 17. Ng6 Qd4 18. Nxf8 Qxf4 19. g3 Qh6 20. h4 g5 21. Be2 Qxf8 22. Bxg4 fxg4 23. Qxg4 Qf5 24. Qd4 Bb7 25. Qb6 Qf7 26. Rd1 Rf8 27. Rd8 Bc8 28. Qe3 h6 29. Rxf8+ Kxf8 30. hxg5 hxg5 31. Qxg5 Bd7 32. Qd8+ Be8 33. Qd4 Kg8 34. Qd8 Qg6 35. Qe7 a5 36. a3 a4 37. Kg2 Qe4+ 38. Kg1 Bf7 39. Qd8+ Kh7 40. Qf6 Qf5 41. Qc3 Bh5 42. Qxc6 Bf3 43. Qd7+ Kh6 44. Qd2+ Kg6 45. Qc1 Bd5 0-1

[Event "HUN-chT2 Barcza 1112 "]
[Site "Hungary"]
[Date "2012.05.06"]
[Round "10"]
[White "Szava, Miklos"]
[Black "Molnar, Tibor"]
[Result "1-0"]
[WhiteElo "2093"]
[BlackElo "1919"]
[PlyCount "83"]
[EventDate "2011.09.25"]
[EventType "team-tourn"]
[EventRounds "11"]
[EventCountry "HUN"]
[SourceTitle "EXT 2013"]
[Source "ChessBase"]
[SourceDate "2012.11.22"]
[SourceVersion "1"]
[SourceVersionDate "2012.11.22"]
[SourceQuality "1"]
[WhiteTeam "Debrecen Sakkbaratok"]
[BlackTeam "Nadudvar"]
[WhiteTeamCountry "HUN"]
[BlackTeamCountry "HUN"]

1. e4 g6 2. d4 d6 3. Nc3 Bg7 4. Bg5 c6 5. Qd2 Qb6 6. 0-0-0 a5 7. f4 Nd7 8. Nf3 a4 9. e5 d5 10. g4 Nf8 11. h3 Bd7 12. Bd3 Qa5 13. f5 0-0-0 14. Rhe1 h6 15. Bf4 g5 16. Bg3 f6 17. e6 Be8 18. Kb1 h5 19. b3 axb3 20. cxb3 b5 21. Rc1 Kb7 22. Qc2 hxg4 23. hxg4 Nh6 24. Nh2 Rh7 25. Bxb5 Ra8 26. Bd3 Bh8 27. Na4 Qb4 28. Nc5+ Kb6 29. Nd7+ Bxd7 30. exd7 c5 31. dxc5+ Kc6 32. Re6+ Kxd7 33. Rb6 Qa5 34. Bb5+ Kd8 35. Rd1 e6 36. fxe6 Rha7 37. Rxd5+ Kc8 38. Rc6+ Kb7 39. Rc7+ Qxc7 40. Bxc7 Kxc7 41. e7 Ne6 42. Rd7+ 1-0

[Event "HUN-chT2 Barcza 1112 "]
[Site "Hungary"]
[Date "2012.03.11"]
[Round "7"]
[White "Szava, Miklos"]
[Black "Toth, Tamas"]
[Result "1-0"]
[WhiteElo "2093"]
[BlackElo "2004"]
[PlyCount "105"]
[EventDate "2011.09.25"]
[EventType "team-tourn"]
[EventRounds "11"]
[EventCountry "HUN"]
[SourceTitle "EXT 2013"]
[Source "ChessBase"]
[SourceDate "2012.11.22"]
[SourceVersion "1"]
[SourceVersionDate "2012.11.22"]
[SourceQuality "1"]
[WhiteTeam "Debrecen Sakkbaratok"]
[BlackTeam "Sarospatak"]
[WhiteTeamCountry "HUN"]
[BlackTeamCountry "HUN"]

1. e4 c6 2. d4 d5 3. e5 Bf5 4. h4 h5 5. c4 e6 6. Nc3 Nd7 7. cxd5 exd5 8. Bg5 Qb6 9. Qd2 f6 10. exf6 Ngxf6 11. Nf3 Bd6 12. Bxf6 gxf6 13. Bd3 Bxd3 14. Qxd3 0-0-0 15. 0-0 Rde8 16. a3 Qd8 17. b4 Nb8 18. b5 Bc7 19. bxc6 bxc6 20. Qf5+ Qd7 21. Qxd7+ Nxd7 22. Nd1 Nb6 23. Ne3 Kd7 24. Nd2 Na4 25. Nb3 Bb6 26. Rac1 Re4 27. Rfd1 Rb8 28. g3 Bc7 29. Rd3 Rbe8 30. Nd2 R4e6 31. Kg2 Rb8 32. Nf3 Rb2 33. Ne1 Re8 34. N1c2 a5 35. Nd1 Rbb8 36. Nce3 Bb6 37. Kf3 Re4 38. Nf5 Rg8 39. Nde3 Re6 40. Rb3 Ree8 41. g4 hxg4+ 42. Nxg4 Rxg4 43. Kxg4 Re4+ 44. Kh3 Rf4 45. Ng3 Bc7 46. h5 Rxd4 47. h6 Be5 48. Nf5 Rf4 49. h7 Rxf2 50. Rg3 Rxf5 51. h8Q Bxg3 52. Kxg3 c5 53. Qh3 1-0

[Event "HUN-chT2 Barcza 1112 "]
[Site "Hungary"]
[Date "2012.02.19"]
[Round "6"]
[White "Csukerda, Attila"]
[Black "Szava, Miklos"]
[Result "0-1"]
[WhiteElo "2061"]
[BlackElo "2093"]
[PlyCount "84"]
[EventDate "2011.09.25"]
[EventType "team-tourn"]
[EventRounds "11"]
[EventCountry "HUN"]
[SourceTitle "EXT 2013"]
[Source "ChessBase"]
[SourceDate "2012.11.22"]
[SourceVersion "1"]
[SourceVersionDate "2012.11.22"]
[SourceQuality "1"]
[WhiteTeam "Edeleny"]
[BlackTeam "Debrecen Sakkbaratok"]
[WhiteTeamCountry "HUN"]
[BlackTeamCountry "HUN"]

1. d4 c5 2. e3 e6 3. Nf3 Nf6 4. Bd3 Nc6 5. a3 b6 6. b3 Bb7 7. Bb2 Be7 8. 0-0 0-0 9. Nbd2 d5 10. Ne5 cxd4 11. exd4 Nxe5 12. dxe5 Nd7 13. c4 Nc5 14. Bc2 a5 15. Qe2 d4 16. Qg4 d3 17. Bb1 f5 18. Qh3 Qc7 19. Ba2 Rad8 20. Rad1 Ne4 21. Nxe4 fxe4 22. Qxe6+ Kh8 23. Qg4 Bc5 24. Bb1 Rxf2 25. Rxf2 Bxf2+ 26. Kh1 Bd4 27. Bxd4 Rxd4 28. Qf5 Qe7 29. Rf1 Rd8 30. h3 Kg8 31. e6 Rf8 32. Qxf8+ Qxf8 33. Rxf8+ Kxf8 34. Kg1 Ke7 35. Kf2 Kxe6 36. Ke3 Ke5 37. g3 Bc8 38. h4 Be6 39. Ba2 h6 40. Bb1 a4 41. Ba2 axb3 42. Bxb3 b5 0-1

[Event "HUN-chT2 Barcza 1112 "]
[Site "Hungary"]
[Date "2011.10.30"]
[Round "2"]
[White "Peiker, Tamas"]
[Black "Szava, Miklos"]
[Result "0-1"]
[WhiteElo "1870"]
[BlackElo "2093"]
[PlyCount "24"]
[EventDate "2011.09.25"]
[EventType "team-tourn"]
[EventRounds "11"]
[EventCountry "HUN"]
[SourceTitle "EXT 2013"]
[Source "ChessBase"]
[SourceDate "2012.11.22"]
[SourceVersion "1"]
[SourceVersionDate "2012.11.22"]
[SourceQuality "1"]
[WhiteTeam "Sajoszentpeter"]
[BlackTeam "Debrecen Sakkbaratok"]
[WhiteTeamCountry "HUN"]
[BlackTeamCountry "HUN"]

1. d4 Nf6 2. c4 e5 3. dxe5 Ng4 4. Nf3 Bc5 5. e3 Nc6 6. e6 fxe6 7. Be2 0-0 8. Bd2 Qf6 9. Bc3 Qh6 10. Nbd2 Nxf2 11. Kxf2 Qxe3+ 12. Kg3 e5 0-1

[Event "HUN-chT2 Maroczy 1011"]
[Site "Hungary"]
[Date "2011.05.15"]
[Round "11"]
[White "Balogh, David"]
[Black "Szava, Miklos"]
[Result "0-1"]
[WhiteElo "1996"]
[BlackElo "2093"]
[PlyCount "41"]
[EventDate "2010.09.12"]
[EventType "team-tourn"]
[EventRounds "11"]
[EventCountry "HUN"]
[SourceTitle "EXT 2012"]
[Source "ChessBase"]
[SourceDate "2011.11.24"]
[SourceVersion "1"]
[SourceVersionDate "2011.11.24"]
[SourceQuality "1"]
[WhiteTeam "Kisujszallas"]
[BlackTeam "Debrecen SBE"]
[WhiteTeamCountry "HUN"]
[BlackTeamCountry "HUN"]

1. d4 g6 2. e4 Bg7 3. Nc3 c5 4. d5 d6 5. f4 Nf6 6. Bb5+ Kf8 7. a4 Bg4 8. Nf3 Qa5 9. Bd2 a6 10. Be2 Qb4 11. h3 Bxf3 12. Bxf3 Nbd7 13. Nb5 Qxb2 14. Bc3 Qxa1 15. Bxa1 axb5 16. axb5 h5 17. 0-0 Kg8 18. Qd3 Nb6 19. Bb2 Kh7 20. Ra1 c4 21. Qe3 0-1

[Event "HUN-chT2 Barcza 1011"]
[Site "Hungary"]
[Date "2011.03.27"]
[Round "7.2"]
[White "Merenyi, Gabor"]
[Black "Szava, Miklos"]
[Result "0-1"]
[WhiteElo "2018"]
[BlackElo "2091"]
[PlyCount "40"]
[EventDate "2010.09.12"]
[EventType "team-tourn"]
[EventRounds "11"]
[EventCountry "HUN"]
[SourceTitle "EXT 2012"]
[Source "ChessBase"]
[SourceDate "2011.11.24"]
[SourceVersion "1"]
[SourceVersionDate "2011.11.24"]
[SourceQuality "1"]
[WhiteTeam "Kazincbarcika"]
[BlackTeam "Debrecen Sakkbaratok"]
[WhiteTeamCountry "HUN"]
[BlackTeamCountry "HUN"]

1. e4 e5 2. Nc3 Nf6 3. f4 d5 4. fxe5 Nxe4 5. Nf3 Be7 6. Qe2 Ng5 7. d4 c6 8. Be3 Be6 9. 0-0-0 Ne4 10. Nxe4 dxe4 11. Nd2 Qa5 12. Nxe4 Qxa2 13. Nc3 Qa1+ 14. Kd2 Qxb2 15. Rb1 Qa3 16. Rxb7 0-0 17. Nb1 Bb4+ 18. c3 Qb2+ 19. Ke1 Qxb1+ 20. Kf2 Qf5+ 0-1

[Event "BI-2010-F-00010"]
[Site "LSS email"]
[Date "2011.02.21"]
[Round "?"]
[White "Edwards, KEDG"]
[Black "Szava, Miklos"]
[Result "0-1"]
[WhiteElo "1935"]
[BlackElo "2043"]
[PlyCount "92"]
[EventDate "2011.02.24"]
[EventType "tourn (corr)"]
[EventRounds "10"]
[EventCountry "GER"]
[SourceTitle "Telechess CBM 149"]
[Source "ChessBase"]
[SourceDate "2012.07.17"]
[SourceVersion "1"]
[SourceVersionDate "2012.07.17"]
[SourceQuality "1"]

1. e4 e5 2. Nf3 Nc6 3. Bb5 a6 4. Bxc6 dxc6 5. 0-0 Qf6 6. d4 exd4 7. Bg5 Qd6 8. Nxd4 Be7 9. Bxe7 Nxe7 10. Nc3 Bd7 11. Nb3 Qxd1 12. Raxd1 b6 13. f4 0-0-0 14. Kf2 c5 15. Nd2 Bg4 16. Nf3 Nc6 17. Nd5 Rhe8 18. Rfe1 Bh5 19. e5 Bxf3 20. gxf3 Rd7 21. c4 h5 22. Rg1 g6 23. Nf6 Rxd1 24. Rxd1 Rd8 25. Rxd8+ Kxd8 26. Nd5 Nb4 27. Nxb4 cxb4 28. f5 gxf5 29. Kg3 Ke7 30. Kh4 Ke6 31. Kxh5 c5 32. Kg5 b5 33. cxb5 axb5 34. Kf4 c4 35. h4 c3 36. bxc3 bxc3 37. Ke3 b4 38. h5 Kxe5 39. h6 Kf6 40. h7 Kg7 41. h8Q+ Kxh8 42. Kd3 Kg7 43. a3 bxa3 44. Kxc3 Kg6 45. Kb3 Kg5 46. Kxa3 Kf4 0-1

[Event "BI-2010-F-00010"]
[Site "LSS email"]
[Date "2011.02.21"]
[Round "?"]
[White "Szava, Miklos"]
[Black "Cornell, David"]
[Result "1/2-1/2"]
[WhiteElo "2043"]
[BlackElo "1869"]
[PlyCount "56"]
[EventDate "2011.02.24"]
[EventType "tourn (corr)"]
[EventRounds "10"]
[EventCountry "GER"]
[SourceTitle "Telechess CBM 149"]
[Source "ChessBase"]
[SourceDate "2012.07.17"]
[SourceVersion "1"]
[SourceVersionDate "2012.07.17"]
[SourceQuality "1"]

1. e4 b6 2. d4 Bb7 3. Bd3 Nf6 4. Nc3 e6 5. Nf3 Bb4 6. Qe2 d5 7. exd5 Nxd5 8. Bd2 Nxc3 9. bxc3 Be7 10. h4 Nd7 11. Rh3 Nf6 12. Ne5 Qd6 13. Rg3 g6 14. Kf1 Nh5 15. Rh3 0-0 16. Bh6 Qd5 17. f3 Qd6 18. Bxf8 Rxf8 19. Qe3 f6 20. Bxg6 hxg6 21. Nxg6 Kh7 22. Nxf8+ Bxf8 23. Re1 Nf4 24. Rh1 Bh6 25. Qf2 Qc6 26. Kg1 Qxc3 27. Kh2 Bd5 28. g3 Nh5 1/2-1/2